Top FIFA 23 Argentina Cards - Statistics

General Stats
  • This quiz has been taken 28 times
  • The average score is 121 of 178
Answer Stats
Club Player % Correct
Inter Miami ST Lionel Messi 99
100%
Paris Saint-Germain ST Lionel Messi 98
100%
Paris Saint-Germain RW Lionel Messi 98
100%
Paris Saint-Germain CF Lionel Messi 94
100%
Paris Saint-Germain RW Lionel Messi 94
100%
Paris Saint-Germain ST Lionel Messi 92
100%
Paris Saint-Germain CAM Lionel Messi 92
100%
Argentina RW Lionel Messi 91
100%
Paris Saint-Germain RW Lionel Messi 91
100%
Paris Saint-Germain RW Lionel Messi 87
100%
Benfica RW Angel Di Maria 97
96%
Juventus CF Angel Di Maria 93
96%
Juventus LW Angel Di Maria 90
96%
Juventus RW Angel Di Maria 88
96%
Juventus RW Angel Di Maria 87
96%
Argentina RW Angel Di Maria 84
96%
Juventus RW Angel Di Maria 84
96%
Aston Villa CB Emiliano Martinez 93
96%
Aston Villa GK Emiliano Martinez 90
96%
Argentina GK Emiliano Martinez 84
96%
Aston Villa GK Emiliano Martinez 84
96%
Chelsea CM Enzo Fernandez 95
96%
Chelsea CM Enzo Fernandez 92
96%
Chelsea CM Enzo Fernandez 90
96%
Benfica CM Enzo Fernandez 88
96%
Benfica CM Enzo Fernandez 82
96%
Inter Milan ST Lautaro Martinez 95
96%
Inter Milan ST Lautaro Martinez 89
96%
Inter Milan ST Lautaro Martinez 88
96%
Inter Milan ST Lautaro Martinez 87
96%
Argentina ST Lautaro Martinez 86
96%
Inter Milan ST Lautaro Martinez 86
96%
Roma CF Paulo Dybala 95
96%
Roma CF Paulo Dybala 90
96%
Roma CF Paulo Dybala 90
96%
Roma ST Paulo Dybala 88
96%
Argentina CF Paulo Dybala 86
96%
Roma CF Paulo Dybala 86
96%
Icon RB Javier Zanetti 93
92%
Icon RB Javier Zanetti 92
92%
Icon RB Javier Zanetti 88
92%
Icon LB Javier Zanetti 87
92%
Icon CM Juan Sebastian Veron 92
92%
Icon CM Juan Sebastian Veron 90
92%
Icon CM Juan Sebastian Veron 88
92%
Icon CM Juan Sebastian Veron 86
92%
Manchester United RW Lisandro Martinez 94
92%
Manchester United LB Lisandro Martinez 86
92%
Argentina CB Lisandro Martinez 82
92%
Manchester United CB Lisandro Martinez 81
92%
Liverpool CAM Alexis Mac Allister 94
88%
Brighton & Hove Albion CM Alexis Mac Allister 86
88%
Brighton & Hove Albion CAM Alexis Mac Allister 83
88%
Icon ST Hernan Crespo 90
88%
Icon ST Hernan Crespo 89
88%
Icon ST Hernan Crespo 87
88%
Icon ST Hernan Crespo 85
88%
Manchester City ST Julian Alvarez 97
88%
Manchester City ST Julian Alvarez 92
88%
Argentina ST Julian Alvarez 80
88%
Sevilla CM Marcos Acuna 94
88%
Sevilla LB Marcos Acuna 90
88%
Sevilla LB Marcos Acuna 88
88%
Sevilla LM Marcos Acuna 87
88%
Argentina LB Marcos Acuna 85
88%
Sevilla LB Marcos Acuna 85
88%
Benfica CB Nicolas Otamendi 91
88%
Benfica CB Nicolas Otamendi 88
88%
Argentina CB Nicolas Otamendi 82
88%
Benfica CB Nicolas Otamendi 81
88%
Tottenham Hotspur CB Cristian Romero 89
83%
Tottenham Hotspur CB Cristian Romero 86
83%
Argentina CB Cristian Romero 84
83%
Tottenham Hotspur CB Cristian Romero 83
83%
Galatasaray ST Mauro Icardi 92
83%
Galatasaray LW Mauro Icardi 87
83%
Galatasaray ST Mauro Icardi 85
83%
Galatasaray ST Mauro Icardi 81
83%
Hero CDM Javier Mascherano 95
75%
Hero CDM Javier Mascherano 89
75%
Hero CB Javier Mascherano 88
75%
Atletico Madrid RM Rodrigo De Paul 87
75%
Atletico Madrid CM Rodrigo De Paul 87
75%
Argentina CM Rodrigo De Paul 84
75%
Atletico Madrid CM Rodrigo De Paul 84
75%
Sevilla CAM Alejandro Gomez 91
71%
Argentina CAM Alejandro Gomez 84
71%
Sevilla CAM Alejandro Gomez 84
71%
Atletico Madrid ST Angel Correa 89
71%
Atletico Madrid RM Angel Correa 85
71%
Argentina ST Angel Correa 84
71%
Atletico Madrid ST Angel Correa 83
71%
Inter Milan CF Joaquin Correa 92
71%
Inter Milan CF Joaquin Correa 87
71%
Argentina CF Joaquin Correa 81
71%
Inter Milan CF Joaquin Correa 80
71%
Icon LB Juan Roman Riquelme 92
71%
Icon CAM Juan Roman Riquelme 91
71%
Icon CAM Juan Roman Riquelme 89
71%
Icon CAM Juan Roman Riquelme 87
71%
Villarreal GK Geronimo Rulli 84
67%
Argentina GK Geronimo Rulli 83
67%
Ajax GK Geronimo Rulli 82
67%
Villarreal GK Geronimo Rulli 82
67%
Villarreal RB Juan Foyth 93
67%
Villarreal RB Juan Foyth 91
67%
Villarreal CB Juan Foyth 90
67%
Argentina RB Juan Foyth 81
67%
Sevilla LW Lucas Ocampos 85
67%
Argentina LW Lucas Ocampos 82
67%
Sevilla LW Lucas Ocampos 81
67%
Ajax LW Lucas Ocampos 81
67%
Inter Miami ST Gonzalo Higuain 88
63%
Atletico Madrid RB Nahuel Molina 92
63%
Atletico Madrid RWB Nahuel Molina 88
63%
Argentina RWB Nahuel Molina 80
63%
Lyon LB Nicolas Tagliafico 90
63%
Lyon LWB Nicolas Tagliafico 84
63%
Argentina LB Nicolas Tagliafico 82
63%
Lyon LB Nicolas Tagliafico 81
63%
Atlanta United CAM Thiago Almada 93
63%
Atlanta United CAM Thiago Almada 86
63%
Atlanta United CAM Thiago Almada 84
63%
Sevilla RB Gonzalo Montiel 93
58%
Sevilla RB Gonzalo Montiel 85
58%
Argentina RB Gonzalo Montiel 81
58%
Hero ST Diego Milito 88
54%
Juventus CDM Leandro Paredes 87
50%
Argentina CDM Leandro Paredes 81
50%
Juventus CDM Leandro Paredes 80
50%
Fiorentina RW Nicolas Gonzalez 87
50%
Fiorentina RW Nicolas Gonzalez 86
50%
Argentina RW Nicolas Gonzalez 81
50%
Fiorentina RW Nicolas Gonzalez 80
50%
Al-Shabab CM Ever Banega 81
46%
Bayer Leverkusen CDM Exequiel Palacios 87
46%
Argentina CDM Exequiel Palacios 80
46%
Lens CB Facundo Medina 94
46%
Lens CB Facundo Medina 88
46%
Lens CB Facundo Medina 86
46%
River Plate GK Franco Armani 82
46%
Argentina GK Franco Armani 81
46%
Argentina RM Emiliano Buendia 81
42%
Aston Villa RM Emiliano Buendia 80
42%
Argentina CM Giovani Lo Celso 82
42%
Villarreal CM Giovani Lo Celso 81
42%
Argentina CDM Guido Rodriguez 82
38%
Real Betis CDM Guido Rodriguez 81
38%
Argentina GK Juan Musso 82
38%
Atalanta GK Juan Musso 81
38%
Boca Juniors CB Marcos Rojo 86
38%
Argentina ST Giovanni Simeone 80
33%
Colon CAM Luis Rodriguez 81
33%
Udinese CB Nehuen Perez 83
33%
Sevilla RW Erik Lamela 91
29%
Sevilla RW Erik Lamela 86
29%
Real Betis CB German Pezzella 83
29%
Argentina CB German Pezzella 80
29%
PSV GK Walter Benitez 80
29%
Osasuna ST Ezequiel Avila 84
25%
Osasuna RM Ezequiel Avila 82
25%
Cadiz GK Jeremias Ledesma 86
25%
Cadiz GK Jeremias Ledesma 83
25%
Cadiz GK Jeremias Ledesma 80
25%
Argentina ST Lucas Alario 80
21%
Almeria CAM Lucas Robertone 84
17%
Almeria CM Lucas Robertone 83
17%
Girona ST Valentin Castellanos 90
17%
Austin CAM Sebastian Driussi 91
13%
Argentina GK Agustin Marchesin 81
8%
Argentina RW Eduardo Salvio 80
8%
Parma CAM Franco Vazquez 83
8%
Argentina CAM Manuel Lanzini 81
8%
Atlanta United CM Marcelino Moreno 85
8%
Argentina GK Agustin Rossi 81
4%
Dallas CDM Facundo Quignon 83
4%
Argentina ST Lucas Boye 80
0%
Argentina RW Maximiliano Meza 80
0%
No matching quizzes found
Score Distribution
Percent of People with Each Score
Percentile by Number Answered
Your Score History
You have not taken this quiz